|
|
|
|
| LEADER |
00000naa2a2200000 4500 |
| 001 |
189818 |
| 005 |
20231031175519.0 |
| 035 |
|
|
|a (RuTPU)RU\TPU\book\206547
|
| 090 |
|
|
|a 189818
|
| 100 |
|
|
|a 20110111d2010 k y0rusy50 ca
|
| 101 |
0 |
|
|a rus
|
| 102 |
|
|
|a RU
|
| 200 |
1 |
|
|a Водные отношения и их регулирование
|f Е. С. Торосян, В. Ф. Торосян
|
| 320 |
|
|
|a Библиогр.: 2 назв.
|
| 463 |
|
0 |
|0 (RuTPU)RU\TPU\book\199146
|y 978-5-98298-642-9
|t Инновационные технологии и экономика в машиностроении
|o сборник трудов Международной научно-практической конференции с элементами научной школы для молодых ученых, 20-21 мая 2010 г. г. Юрга
|f Национальный исследовательский Томский политехнический университет (ТПУ), Юргинский технологический институт (ЮТИ); под ред. Д. А. Чинахова
|v С. 452-453
|d 2010
|p 577 с.
|
| 610 |
1 |
|
|a Водный кодекс
|
| 610 |
1 |
|
|a водные ресурсы
|
| 610 |
1 |
|
|a реестры
|
| 610 |
1 |
|
|a водные объекты
|
| 610 |
1 |
|
|a государственное регулирование
|
| 610 |
1 |
|
|a труды учёных ТПУ
|
| 700 |
|
1 |
|a Торосян
|b Е. С.
|c ассистент
|c Юргинский технологический институт (филиал) Томского политехнического университета
|g Елена Самвеловна
|2 stltpush
|3 (RuTPU)RU\TPU\pers\25696
|
| 701 |
|
1 |
|a Торосян
|b В. Ф.
|c российский учёный в области экологии и безопасности жизнедеятельности
|c доцент Юргинского технологического института (филиал) Томского политехнического университета
|g Вера Фёдоровна
|2 stltpush
|3 (RuTPU)RU\TPU\pers\24283
|
| 801 |
|
1 |
|a RU
|b 63413507
|c 20110111
|
| 942 |
|
|
|c BK
|